Empires that stretched over 8 million square kilometers.-Sudden Death - Statistics

General Stats
  • This quiz has been taken 62 times
  • The average score is 3 of 9
Answers on the Grid
Answers color-coded by a green-red scale on the quiz's grid according to % correct below.
Russian Empire
Achaemenid Empire
Ottoman Empire
Abbasid Caliphate
Tang Dynasty
Umayyad Caliphate
Spanish Empire
Roman Empire
Second French Colonial Empire
Timurid Empire
Majapahit Empire
Dutch Empire
Qing Dynasty
Yuan Dynasty
Mauryan Empire
Japanese Empire
Portuguese Empire
Xiongnu Empire
Empire of Brazil
Song Dynasty
 
Answer Stats
Answer % Correct
Russian Empire
100%
Spanish Empire
67%
Qing Dynasty
50%
Abbasid Caliphate
17%
Empire of Brazil
17%
Second French Colonial Empire
17%
Umayyad Caliphate
17%
Xiongnu Empire
17%
Yuan Dynasty
0%
No matching quizzes found
Score Distribution
Percent of People with Each Score
Percentile by Number Answered
Your Score History
You have not taken this quiz